000 01640cam a22002414a 4500
005 20250605164215.0
008 250528s ||||||||||||||||||||||||d
035 _a20443
020 _a673152766
040 _aGR-AtMCL
_bgre
_dGR-AtMCL
_eAACR2
245 1 _aPrinciples of Speech Communication / Eighth Brief Edition
250 _a8th
260 _bScott, Foresman And Company,
_c1980
300 _a368
505 0 _aThe Speech Comunication Process, Listening: Speaker-Audience Interaction, Planning and Preparing the Speech, Using the Body to Communicate, Using the Voice to Communicate, Finding and Using Supporting Materials, Arranging and Outlining Related Points, Wording the Speech, Beginning and Ending the Speech, Visually Illustrating the Speech, Speaking to Inform, Speaking to Persuade, Speaking on Special Occasions, Speaking Before Groups, Participating in Interviews and Discussions, Appendix, Acknowledgements, Index.
520 _aThe Speech Comunication Process, Listening: Speaker-Audience Interaction, Planning and Preparing the Speech, Using the Body to Communicate, Using the Voice to Communicate, Finding and Using Supporting Materials, Arranging and Outlining Related Points, Wording the Speech, Beginning and Ending the Speech, Visually Illustrating the Speech, Speaking to Inform, Speaking to Persuade, Speaking on Special Occasions, Speaking Before Groups, Participating in Interviews and Discussions, Appendix, Acknowledgements, Index.
700 1 _aEhninger Douglas
_96429
700 1 _aGronbeck Bruce E
_96430
700 1 _aMonroe Alan H
_96431
942 _cBK
999 _c5550
_d5550